Guess the Taylor Swift song no hints #35 - Statistics

General Stats
  • This quiz has been taken 69 times
  • The average score is 292 of 405
Answer Stats
Answer % Correct
a
100%
I
100%
the
100%
you
98%
You
98%
to
96%
And
93%
and
93%
he
93%
it
93%
It
93%
your
93%
me
91%
is
89%
we
89%
We
89%
you're
89%
I'm
87%
too
87%
when
87%
in
85%
Where
85%
that
83%
all
80%
don't
80%
Like
80%
then
80%
this
80%
Were
80%
at
78%
but
78%
for
78%
not
78%
said
78%
so
78%
So
78%
was
78%
Was
78%
of
76%
say
76%
what
76%
there
74%
up
74%
Cause
72%
just
72%
time
72%
Did
70%
one
70%
always
67%
can't
67%
here
67%
knew
65%
loved
65%
now
65%
didn't
63%
forever
63%
made
63%
Oh
63%
back
61%
Back
61%
never
61%
out
61%
down
59%
gone
59%
looked
59%
night
59%
eye
57%
into
57%
nothing
57%
think
57%
told
57%
Baby
54%
baby
54%
Everything
54%
everything
54%
everything?
54%
Once
52%
tell
52%
thing
52%
way
52%
feel
50%
going?
50%
something
50%
upon
50%
eyes
48%
Thought
48%
wrong
48%
yeah
48%
boy
46%
called
46%
hasn't
46%
mean
46%
bedroom
43%
forget
43%
little
43%
rains
43%
still
43%
believe
41%
door
41%
flashback
41%
here's
41%
Here's
41%
onto
41%
run
41%
stare
41%
hide
39%
honest
39%
phone
39%
seems
39%
Tuesday
39%
caught
37%
happened?
37%
line?
37%
minute
37%
scared
37%
second
37%
sure
37%
anymore
35%
breaking
35%
kidding?
35%
low
35%
almost
33%
coming
33%
Please
33%
silence
33%
speak
33%
cuts
30%
halfway
30%
hold
30%
perfect
30%
welcome
30%
core
28%
No matching quizzes found
Score Distribution
Percent of People with Each Score
Percentile by Number Answered
Your Score History
You have not taken this quiz